| 000 | 00385nam a2200133Ia 4500 | ||
|---|---|---|---|
| 008 | 170516s9999 xx 000 0 und d | ||
| 245 | _aQuantitative Liver-Specific Protein Fingerprint in Blood: A Signature for Hepatotoxicity | ||
| 260 | _bTheranostics | ||
| 260 | _c2014 | ||
| 300 | _a4:2 | ||
| 650 | _xMedical Technology | ||
| 650 | _xMedtech | ||
| 856 | _uhttp://www.thno.org/v4i2 | ||
| 999 |
_c330686 _d330686 |
||